| 000 | 00845nam a22002537a 4500 | ||
|---|---|---|---|
| 999 |
_c21289 _d21289 |
||
| 003 | AR-CdUCM | ||
| 008 | 190409b ||||| |||| 00| 0 spa d | ||
| 020 | _a9786124654985 | ||
| 040 |
_aMUNICIPALIDAD PROVINCIAL DEL CUSCO _cBIBLIOTECA MUNICIPAL DEL CUSCO |
||
| 082 |
_aEP/372/V46M _bV46M |
||
| 100 |
_aVentura Valle, Mántaro _930466 |
||
| 245 |
_aMis primeras narraciones y mitos : _b2 grado de primaria / |
||
| 260 |
_aCusco ; _bREGESA, _c2016. |
||
| 300 |
_a336 Páginas. : _bIiustraciones en color ; _c24 cm. |
||
| 500 | _aTexto en idioma Castellano, Quechua, Inglés. | ||
| 505 | _aCon actividades del plan lector. | ||
| 650 |
_aTexto Educativo _925832 |
||
| 650 |
_aLiteratura infantil _9588 |
||
| 650 |
_aLiteratura _983 |
||
| 650 |
_aEducación _9460 |
||
| 650 |
_aCuentos y mitos _930329 |
||
| 942 |
_2ddc _cLIBROS |
||
| 945 | _aRoel | ||